000 01180nam a2200325Ia 4500
001 dia_6684
003 CHAP
005 20251023155542.0
008 220117s2011 xx 000 0 und d
010 _a177937
020 _a978-607-12-0234-5
040 _cCHAP
082 _a630.71 A93 2011
245 _aAvances de servicio, investigación, docencia, difusión de la cultura y vinculación del centro Regional Universitario del Anáhuac 2009-2010 /
_c compilación Juan Carlos Cuevas Cruz y Enrique Cortés Díaz
260 _aMéxico :
_b UACh. Centro Regional Universitario del Anáhuac,
_c2011
300 _a192 p.
503 _aD.
504 _aIncluye bibliografías
590 _aHD1407 A93 2011
650 _aAgricultural education
_9161125
650 _aEducación agrícola
_935491
650 _aEducación y capacitación rural
_9161126
650 _aRural education and training
_9161127
700 _aCortés Díaz, Enrique, comp.
_9162539
700 _aCuevas Cruz, Juan Carlos, comp.
_9161129
901 _a630.71 A93 2011
902 _aA
905 _a5232272011 mx dmn 8223223322spa16
942 _cLIBRO
_2ddc
999 _c177937
_d177937